[Event "Gibraltar Amateur op-A"]
[Site "Caleta"]
[Date "2017.01.24"]
[Round "2"]
[White "Brooker, Chris H"]
[Black "Bargil, Benny"]
[Result "1-0"]
[WhiteElo "1761"]
[BlackElo "1519"]
[PlyCount "71"]
[EventDate "2017.01.23"]
[EventType "swiss"]
[EventRounds "5"]
[EventCountry "GGB"]
[SourceTitle "CBM 176 Extra"]
[Source "ChessBase"]
[SourceDate "2017.03.02"]
[SourceVersion "1"]
[SourceVersionDate "2017.03.02"]
[SourceQuality "1"]

1. f4 e6 2. e4 Bc5 3. d4 Bb6 4. Nf3 d5 5. e5 c5 6. c3 Ne7 7. Bd3 0-0 8. 0-0 Nbc6 9. Bc2 a5 10. a3 Bd7 11. Bxh7+ Kxh7 12. Ng5+ Kg6 13. Qg4 f5 14. Qg3 Rg8 15. Nxe6+ Kf7 16. Nxd8+ Nxd8 17. Be3 Ne6 18. dxc5 Nxc5 19. Bxc5 Bxc5+ 20. Kh1 Rh8 21. Nd2 Rh6 22. Nb3 Bb6 23. Nd4 Rah8 24. h3 Kf8 25. Rae1 Kg8 26. Qg5 Bd8 27. e6 Bb5 28. Nxb5 Rg6 29. Qxg6 Nxg6 30. Nd6 Ne7 31. Nf7 Kh7 32. Nxh8 Kxh8 33. Rd1 Kh7 34. c4 Bc7 35. cxd5 Bd6 36. g3 1-0

[Event "EU Amateur-ch"]
[Site "Ruzomberok"]
[Date "2016.06.08"]
[Round "4"]
[White "Bargil, Benny"]
[Black "Bracok, Stefan"]
[Result "0-1"]
[WhiteElo "1576"]
[BlackElo "1800"]
[PlyCount "92"]
[EventDate "2016.06.06"]
[EventType "swiss"]
[EventRounds "9"]
[EventCountry "SVK"]
[SourceTitle "CBM 172 Extra"]
[Source "ChessBase"]
[SourceDate "2016.06.21"]
[SourceVersion "1"]
[SourceVersionDate "2016.06.21"]
[SourceQuality "1"]

1. d4 f5 2. c4 Nf6 3. Nc3 g6 4. Nf3 Bg7 5. h3 0-0 6. Bf4 d6 7. Qd2 Nc6 8. Bh6 e5 9. Bxg7 Kxg7 10. d5 Ne7 11. e3 c6 12. Rc1 h6 13. Be2 c5 14. 0-0 Bd7 15. Rfe1 Qe8 16. Bf1 Rb8 17. Rb1 a6 18. b4 cxb4 19. Rxb4 b5 20. Reb1 a5 21. R4b2 b4 22. Nd1 Ne4 23. Qc1 Nc5 24. a3 b3 25. Ne1 e4 26. Qc3+ Kh7 27. Qxa5 Qd8 28. Qd2 Ng8 29. Nc3 Ra8 30. Ra1 Qf6 31. Be2 Rfb8 32. Bd1 Ba4 33. Rab1 Be8 34. f3 Rxa3 35. fxe4 fxe4 36. Bg4 Ra7 37. Bd1 Rab7 38. Be2 Ne7 39. Nb5 Bxb5 40. cxb5 Nf5 41. Bc4 Qg5 42. Kf2 Ng3 43. Qc1 Rf7+ 44. Kg1 Rbf8 45. Qd1 Rf1+ 46. Bxf1 Rxf1+ 0-1

[Event "EU Amateur-ch"]
[Site "Ruzomberok"]
[Date "2016.06.07"]
[Round "3"]
[White "Bargil, Benny"]
[Black "Benkovsky, Peter"]
[Result "1-0"]
[WhiteElo "1576"]
[BlackElo "1677"]
[PlyCount "99"]
[EventDate "2016.06.06"]
[EventType "swiss"]
[EventRounds "9"]
[EventCountry "SVK"]
[SourceTitle "CBM 172 Extra"]
[Source "ChessBase"]
[SourceDate "2016.06.21"]
[SourceVersion "1"]
[SourceVersionDate "2016.06.21"]
[SourceQuality "1"]

1. d4 Nf6 2. c4 d5 3. Nc3 c6 4. Nf3 e6 5. Bg5 Nbd7 6. e4 dxe4 7. Nxe4 Bb4+ 8. Nfd2 Bxd2+ 9. Nxd2 Qa5 10. Bh4 Ne4 11. Qc2 Qxd2+ 12. Qxd2 Nxd2 13. Kxd2 0-0 14. Bd3 b6 15. a4 Bb7 16. f3 c5 17. dxc5 Nxc5 18. Bc2 Rac8 19. b3 f6 20. Ke3 Rfd8 21. Rad1 a5 22. Bg3 e5 23. Rxd8+ Rxd8 24. Rd1 Rxd1 25. Bxd1 Kf7 26. Ke2 Ke6 27. Bf2 g5 28. g4 h6 29. Bc2 Kd6 30. Ke3 Bc6 31. Bd1 Be8 32. Bc2 h5 33. h3 hxg4 34. hxg4 Bd7 35. Bg3 Ne6 36. Be1 Nd4 37. Bd1 Bc6 38. b4 f5 39. bxa5 f4+ 40. Kf2 bxa5 41. Bxa5 Kc5 42. Bd8 Kxc4 43. Bxg5 Kd5 44. a5 Bb5 45. Bd8 e4 46. fxe4+ Kxe4 47. g5 f3 48. g6 Be2 49. g7 Bc4 50. a6 1-0